[Event "Continental de las Americas"]
[Site "Buenos Aires"]
[Date "2005.08.07"]
[Round "2.66"]
[White "Leeuw, Pablo"]
[Black "Patriarca, Luis"]
[Result "0-1"]
[WhiteElo "2088"]
[BlackElo "2266"]
[PlyCount "89"]
[EventDate "2005.08.06"]

1. e4 c6 2. Nc3 d5 3. Nf3 Bg4 4. h3 Bxf3 5. Qxf3 e6 6. a3 Nf6 7. exd5 cxd5 8.
d4 Nc6 9. Bb5 Rc8 10. O-O a6 11. Bxc6+ Rxc6 12. Re1 Be7 13. Re2 O-O 14. Nd1 b5
15. Bg5 Ne4 16. Bxe7 Qxe7 17. Qd3 Qc7 18. Ne3 h5 19. Nf1 g6 20. c3 Kg7 21. Nd2
Nxd2 22. Qxd2 Rb8 23. f4 a5 24. Qe3 b4 25. cxb4 axb4 26. Qe5+ Qxe5 27. fxe5
bxa3 28. bxa3 Rc4 29. Rd2 Ra4 30. Rd3 Rb2 31. h4 Rc4 32. Rf1 Rcc2 33. Rg3 Re2
34. Rf4 Rbd2 35. Rgf3 Rxg2+ 36. Kf1 Rh2 37. Rxf7+ Kh6 38. Kg1 Rdg2+ 39. Kf1 Ra2
40. Kg1 Rxh4 41. Rd3 Rhh2 42. Rf6 Rhc2 43. Rf8 h4 44. Rf4 Kg5 45. Rf6 0-1

[Event "Continental de las Americas"]
[Site "Buenos Aires"]
[Date "2005.08.07"]
[Round "2.67"]
[White "Tobares, Leandro"]
[Black "Negri, Santiago"]
[Result "1/2-1/2"]
[WhiteElo "2260"]
[BlackElo "2104"]
[PlyCount "37"]
[EventDate "2005.08.06"]

1. d4 d5 2. c4 c6 3. Nc3 Nf6 4. e3 a6 5. Bd3 Bg4 6. f3 Bh5 7. Nge2 Bg6 8. O-O
e6 9. h3 Be7 10. e4 O-O 11. Be3 b5 12. e5 Ne8 13. c5 Bxd3 14. Qxd3 Nd7 15. a4
b4 16. Nb1 a5 17. Nd2 f6 18. Nf4 Nc7 19. exf6 1/2-1/2

[Event "Continental de las Americas"]
[Site "Buenos Aires"]
[Date "2005.08.07"]
[Round "2.68"]
[White "Minaya, Juan"]
[Black "Benko, Francisco"]
[Result "1/2-1/2"]
[WhiteElo "2255"]
[BlackElo "2090"]
[PlyCount "42"]
[EventDate "2005.08.06"]

1. e4 e5 2. Nc3 Nf6 3. f4 d5 4. fxe5 Nxe4 5. Nf3 Be7 6. Be2 O-O 7. O-O Nc6 8.
Qe1 Be6 9. Bd1 Nxc3 10. dxc3 d4 11. Qg3 Kh8 12. Be2 dxc3 13. bxc3 Bc5+ 14. Kh1
Qe7 15. Bd3 f6 16. exf6 gxf6 17. Bh6 Rg8 18. Qe1 Bd5 19. c4 Qxe1 20. Raxe1 Bxf3
21. Rxf3 Rae8 1/2-1/2

[Event "Continental de las Americas"]
[Site "Buenos Aires"]
[Date "2005.08.07"]
[Round "2.69"]
[White "Lo Presti, Roberto"]
[Black "Bitelmajer, Martin"]
[Result "0-1"]
[WhiteElo "2068"]
[BlackElo "2243"]
[PlyCount "108"]
[EventDate "2005.08.06"]

1. e4 e5 2. Nc3 Nc6 3. f4 exf4 4. d4 Qh4+ 5. Ke2 d6 6. Nf3 Bg4 7. Bxf4 O-O-O 8.
Qd2 Re8 9. Bg5 Qh5 10. Kf2 h6 11. Be3 f5 12. d5 Ne5 13. Nxe5 dxe5 14. Bb5 f4
15. Bxa7 Bd7 16. Qd3 Nf6 17. Ke1 Qg6 18. Kf1 Bxb5 19. Qxb5 Bd6 20. Qc4 Rhf8 21.
Bf2 Ng4 22. Ke1 Ne3 23. Qa4 Nxg2+ 24. Kd2 f3 25. h4 h5 26. Nd1 Qh6+ 27. Kc3 Kd8
28. Rh3 Ke7 29. Qb5 Nf4 30. Rh1 Ne2+ 31. Kd3 Ra8 32. b4 Ra3+ 33. c3 Rfa8 34.
Be3 Nf4+ 35. Kc2 Qg6 36. Nf2 Rxa2+ 37. Rxa2 Rxa2+ 38. Kb3 Re2 39. Bc5 b6 40.
Bxd6+ Qxd6 41. Rf1 Re3 42. Qc4 b5 43. Qxb5 Re2 44. Qc4 Qb6 45. Nd3 Nxd3 46.
Qxd3 Qa7 47. b5 Qa2+ 48. Kb4 Rb2+ 49. Kc5 Qa3+ 50. Kc6 Qd6+ 51. Kb7 Qb6+ 52.
Kc8 Ra2 53. d6+ cxd6 54. Qd5 Ra7 0-1

[Event "Continental de las Americas"]
[Site "Buenos Aires"]
[Date "2005.08.07"]
[Round "2.70"]
[White "Giampa, Alejandro"]
[Black "Barros, Raul"]
[Result "1-0"]
[WhiteElo "2243"]
[BlackElo "2080"]
[PlyCount "87"]
[EventDate "2005.08.06"]

1. Nf3 Nf6 2. c4 c5 3. Nc3 Nc6 4. g3 g6 5. Bg2 Bg7 6. O-O O-O 7. d4 cxd4 8.
Nxd4 Nxd4 9. Qxd4 d6 10. b3 Ne4 11. Qxe4 Bxc3 12. Bh6 Bxa1 13. Bxf8 Bf6 14. Bh6
Qa5 15. a4 Rb8 16. Qd3 Bd7 17. Bd2 Qc7 18. Rc1 a6 19. e4 Rc8 20. h4 h5 21. Be3
b6 22. f4 Bg4 23. Kh2 Rb8 24. b4 Qd7 25. b5 a5 26. Qd2 Qc7 27. Qf2 e6 28. e5
dxe5 29. c5 bxc5 30. Rxc5 Qd6 31. Rc6 Qb4 32. b6 e4 33. Qc2 Bf3 34. Rc4 Qa3 35.
Bc5 Qa1 36. Rxe4 Bxg2 37. Kxg2 Bd8 38. Bd4 Qa3 39. Bc5 Qa1 40. Qb3 Qc1 41. Qb5
Qd2+ 42. Kh3 Qd5 43. Qe8+ Kg7 44. Qf8+ 1-0

[Event "Continental de las Americas"]
[Site "Buenos Aires"]
[Date "2005.08.07"]
[Round "2.71"]
[White "Rodi, Luis"]
[Black "Lida Garcia, Fernando"]
[Result "1-0"]
[WhiteElo "2242"]
[BlackElo "2066"]
[PlyCount "51"]
[EventDate "2005.08.06"]

1. f4 d5 2. Nf3 g6 3. g3 Bg7 4. Bg2 Nf6 5. d3 c5 6. O-O Nc6 7. Nc3 d4 8. Ne4
Qb6 9. a3 Nxe4 10. dxe4 e5 11. Qe1 Be6 12. f5 gxf5 13. Ng5 Ne7 14. Nxe6 fxe6
15. Bg5 Rf8 16. Qd2 f4 17. gxf4 exf4 18. Rxf4 Rxf4 19. Qxf4 Ng6 20. Qg4 Kf7 21.
h4 Ne5 22. Rf1+ Kg8 23. Qg3 Kh8 24. h5 Nd7 25. Rf7 Be5 26. Bf4 1-0

[Event "Continental de las Americas"]
[Site "Buenos Aires"]
[Date "2005.08.07"]
[Round "2.72"]
[White "Elias, Leonardo"]
[Black "Cerda, Guillermo"]
[Result "1-0"]
[WhiteElo "2061"]
[BlackElo "2237"]
[PlyCount "64"]
[EventDate "2005.08.06"]

1. e4 c5 2. Nf3 e6 3. d3 d5 4. Nbd2 Nc6 5. g3 g6 6. Bg2 Bg7 7. O-O Nge7 8. Re1
Qc7 9. c3 b6 10. Nf1 O-O 11. Bf4 e5 12. Bg5 d4 13. Bxe7 Qxe7 14. c4 Bd7 15. a3
f6 16. h4 Rf7 17. Re2 Raf8 18. Qd2 h5 19. Rb1 a5 20. b3 Kh7 21. Qe1 Bh6 22. Kh2
Bg4 23. Kg1 Bd7 24. Rbb2 Rg8 25. N1d2 g5 26. Qf1 Rfg7 27. Kh1 Nd8 28. Rb1 Rg6
29. Rb2 Nc6 30. Re1 Bf8 31. Rbb1 Qg7 32. Rbc1 Be7 1-0

[Event "Continental de las Americas"]
[Site "Buenos Aires"]
[Date "2005.08.07"]
[Round "2.73"]
[White "Zukerfeld, Andres"]
[Black "Evans, Pablo"]
[Result "1-0"]
[WhiteElo "2237"]
[BlackElo "2058"]
[PlyCount "63"]
[EventDate "2005.08.06"]

1. e4 b6 2. d4 Bb7 3. Bd3 e6 4. Nf3 Nf6 5. Qe2 h6 6. O-O d6 7. Nbd2 g5 8. e5
Nd5 9. Ne4 g4 10. Ne1 dxe5 11. dxe5 Nd7 12. f4 Qh4 13. a3 Bc5+ 14. Nxc5 Nxc5
15. Bb5+ c6 16. Bc4 O-O-O 17. Nd3 Nxd3 18. Bxd3 Rd7 19. c4 Ne7 20. Be3 g3 21.
h3 c5 22. b4 Rhd8 23. Rad1 Nc6 24. bxc5 Nd4 25. Bxd4 Rxd4 26. cxb6 Rxf4 27. Qe3
Rxf1+ 28. Kxf1 axb6 29. c5 Qa4 30. Ke1 Qa5+ 31. Rd2 Qxc5 32. Rc2 1-0

[Event "Continental de las Americas"]
[Site "Buenos Aires"]
[Date "2005.08.07"]
[Round "2.74"]
[White "Orsini, Antonio"]
[Black "Toniutti, Ezio"]
[Result "1/2-1/2"]
[WhiteElo "2233"]
[BlackElo "2051"]
[PlyCount "68"]
[EventDate "2005.08.06"]

1. e4 c5 2. Nf3 Nc6 3. d4 cxd4 4. Nxd4 g6 5. Nc3 Bg7 6. Be3 Nf6 7. Bc4 O-O 8.
Bb3 a5 9. O-O a4 10. Nxa4 Nxe4 11. Nb5 Ra6 12. c4 Na5 13. Bc2 Nd6 14. Nxd6 Rxd6
15. Qe2 Nc6 16. c5 Nd4 17. Qd1 Nxc2 18. cxd6 Nxa1 19. Bb6 Qe8 20. dxe7 Qxe7 21.
Bc5 d6 22. Bxd6 Qg5 23. Bxf8 Bxf8 24. Qc1 Qf5 25. Qxa1 b5 26. Nc3 Bb7 27. Qd1
b4 28. Ne2 h5 29. Qd2 Bc5 30. Ng3 Qf6 31. Rd1 Qc6 32. Kf1 Qxg2+ 33. Ke1 Ba6 34.
Qf4 Qc6 1/2-1/2

[Event "Continental de las Americas"]
[Site "Buenos Aires"]
[Date "2005.08.07"]
[Round "2.75"]
[White "Diaz, Genara"]
[Black "Saladen, Rafael"]
[Result "0-1"]
[WhiteElo "2000"]
[BlackElo "2229"]
[PlyCount "49"]
[EventDate "2005.08.06"]

1. d4 Nf6 2. c4 g6 3. Nc3 d5 4. Nf3 Bg7 5. e3 c5 6. Be2 cxd4 7. exd4 dxc4 8.
Qa4+ Nfd7 9. Bxc4 O-O 10. Qb3 Nb6 11. Bxf7+ Rxf7 12. Ng5 e6 13. Nxf7 Kxf7 14.
Be3 Nc6 15. O-O Nxd4 16. Bxd4 Qxd4 17. Rad1 Qc4 18. Qxc4 Nxc4 19. b3 Bxc3 20.
bxc4 b6 21. Rd3 Bf6 22. Rc1 Bg7 23. g3 Ke8 24. Kg2 Bh6 25. f4 0-1

[Event "Continental de las Americas"]
[Site "Buenos Aires"]
[Date "2005.08.07"]
[Round "2.76"]
[White "Tristan, Leonardo"]
[Black "Soares, Joaquim"]
[Result "1-0"]
[WhiteElo "2225"]
[BlackElo "2000"]
[PlyCount "82"]
[EventDate "2005.08.06"]

1. e4 c5 2. Nf3 d6 3. d4 cxd4 4. Nxd4 Nf6 5. Nc3 Nc6 6. Bg5 Bd7 7. Qd2 a6 8.
O-O-O e6 9. f4 h6 10. Bxf6 gxf6 11. Kb1 Qc7 12. g3 O-O-O 13. Bh3 Kb8 14. Nb3 h5
15. Qf2 Na5 16. Nxa5 Qxa5 17. Rhe1 h4 18. e5 hxg3 19. Qxg3 dxe5 20. fxe5 fxe5
21. Bg2 f5 22. Rxe5 Qc7 23. Rxe6 Rxh2 24. Qxc7+ Kxc7 25. Re2 Bc6 26. Rxd8 Kxd8
27. Bxc6 Rxe2 28. Nxe2 bxc6 29. Nd4 f4 30. Ne6+ Ke7 31. Nxf4 Bh6 32. Nd3 Kd6
33. c3 c5 34. Kc2 c4 35. Ne1 Kc5 36. Nf3 Kd5 37. Nd2 Be3 38. b3 cxb3+ 39. axb3
a5 40. Nc4 Bf2 41. Nxa5 Bc5 1-0